[Event "Hyeres"]
[Site "?"]
[Date "2013.02.18"]
[Round "5"]
[White "Chung, Mathilde"]
[Black "Touvron, Fabrice"]
[Result "0-1"]
[WhiteElo "1807"]
[BlackElo "1927"]
[PlyCount "86"]

1. d4 Nf6 2. c4 c5 3. d5 b5 4. cxb5 a6 5. bxa6 Bxa6 6. Nc3 g6 7. e4 Bxf1 8.
Kxf1 d6 9. Nf3 Bg7 10. g3 O-O 11. Kg2 Nbd7 12. Re1 Qa5 13. e5 Ng4 14. exd6 exd6
15. Bf4 Rfb8 16. Re2 Qa6 17. Rc1 c4 {NT} (17... Nge5 18. Nxe5 Nxe5 19. Bxe5
Bxe5 20. b3 Rb4 21. Rd2 c4 22. Ne2 cxb3 23. axb3 Qb7 24. Rd3 Rb5 $11) 18. Rcc2
(18. b3) 18... Nc5 19. h3 (19. Nd4 Nd3 20. Nc6 Rb6 21. Qd2 Rxc6 22. dxc6 Qxc6+
23. f3 d5 24. fxg4 d4+ 25. Ne4 f5 26. gxf5 gxf5 27. Qxd3 cxd3 28. Rxc6 dxe2 29.
Nf6+ Bxf6) 19... Nf6 20. Be3 Nd3 21. Bd4 Qb7 (21... Nb4 $1 22. Rcd2 Nxa2) 22.
Bxf6 (22. b3 cxb3 23. axb3 Nb4) 22... Bxf6 23. Ne4 $6 Be5 $5 (23... Bg7 24.
Rxc4 (24. Nxd6 $2 Qxd5 {et la Cavalier est perdu !}) 24... Nxb2 25. Rxb2 Qxb2
26. a4) 24. Nxe5 dxe5 25. Kh2 $1 (25. Rxc4 $2 Qxd5 {
avec les trois menaces Cf4+, Dxc4 et f5 0-1 !}) (25. Nc3) 25... f5 26. Nd6 Qxd5
27. Nxc4 e4 28. a3 Rb3 $1 29. Ne3 Qe5 $6 (29... Qb5 $1 30. Rc7 Rf8) 30. Rc8+
Rxc8 31. Qxb3+ Kg7 32. Qd5 Qb8 (32... Qxd5 33. Nxd5 Rc1 {
et les Blancs doivent prendre garde a Ce5 et Cf3+ !}) 33. b4 Ne5 34. Nf1 $6 (
34. Rc2 $1) 34... Nf3+ 35. Kg2 Rd8 (35... Rc3 36. Re3 Rc1 37. Qd7+ Kh6 38. Qe7)
36. Qc4 Rd3 37. Re3 Rd1 38. Qc2 ({Il faut donner la qualite} 38. Rxf3 exf3+ 39.
Kxf3 Qd6 40. Ne3 Rd3) 38... Qd6 39. b5 Kh6 $1 (39... Qd4 40. Qc3) 40. b6 Qd4 $1
{seul coup !} 41. b7 $4 (41. Qc8 $1 {seul coup !} 41... Rxf1 42. Qf8+ Kh5 43.
g4+ Kg5 44. Qe7+ Kh6 45. g5+ Kh5 46. Qxh7+ Kxg5 47. Qe7+ Kh5 48. Rxf3 exf3+ 49.
Kxf1 Qxb6 50. Qh7+ Kg5 51. Qe7+ Kh5 52. Qh7+) (41. Qc3 Qxb6 42. Rxf3 exf3+ 43.
Qxf3 Qd4 44. Ne3 Rd2) 41... Rxf1 $1 {c'est terrible, le mat est imparable !}
42. Kxf1 Qa1+ 43. Ke2 Qe1# 0-1

[Event "Hyeres"]
[Site "?"]
[Date "2013.02.18"]
[Round "6"]
[White "Touvron, Fabrice"]
[Black "Féraud, Guillaume"]
[Result "1/2-1/2"]
[WhiteElo "1927"]
[BlackElo "1658"]
[PlyCount "97"]

1. c4 c5 2. Nf3 Nf6 3. d4 cxd4 4. Nxd4 Nc6 5. Nc3 g6 6. e4 d6 7. Be2 Bg7 8. Be3
O-O 9. O-O Bd7 10. f3 Rc8 11. Qd2 Kh8 12. Rac1 (12. b3 b6 13. Rae1 Ng8 14. Bd1
f6 15. Nd5 Nxd4 16. Bxd4 Bc6 17. Qb2 Qd7 18. f4 e6 19. Nb4 Bb7 20. Bc3 Ne7 21.
Bg4) 12... a6 13. Rfd1 Qa5 14. c5 $5 (14. Nb3) 14... dxc5 15. Nb3 Qc7 16. Bxc5
$5 (16. Nd5 $1 Nxd5 17. exd5 Ne5 18. Nxc5 $18) 16... Be6 17. Qe3 b5 (17... Bxb3
18. axb3) 18. Nd5 Qb7 19. g4 $6 (19. Rd2) (19. f4) 19... Rfd8 20. Nf4 Bxb3 21.
axb3 $2 {ca commence !} (21. Qxb3 Nd7 22. Be3) 21... Nd7 $1 22. Nd3 $2 (22. Kg2
{force, pour eviter toutes les arnaques sur la diagonale a7-g1 !}) 22... Nxc5
23. Nxc5 Qa7 24. Qg5 $2 (24. Kg2 Bd4 25. Rxd4 Nxd4 26. b4 $19) 24... h6 $6 {
les Noirs sont en zeitnot...} (24... Nd4 {0-1}) 25. Qe3 Bd4 ({
Les Noirs ont mieux a prendre que la qualite !} 25... Rxd1+ 26. Rxd1 Nb4 27.
Rc1 Bxb2 28. Rb1 Be5 29. Rc1 Kh7 {0-1}) 26. Rxd4 Nxd4 27. b4 Nxe2+ $6 (27... a5
) 28. Qxe2 Rd4 29. Qe3 Rcd8 (29... Rxb4 $2 30. Qc3+ {retourne la situation !})
30. Qxh6+ Kg8 31. Rc2 $6 (31. e5) 31... Rxb4 32. Kg2 Rc8 33. Qg5 Rc4 34. Rxc4
bxc4 35. Na4 Qb7 36. Qd2 Qc6 37. Nc3 e6 38. h4 Qc5 39. Qf4 (39. f4) 39... Qd4
40. Qg5 Rd8 41. Nd5 $5 {je m'efforce d'embrouiller mon adversaire !} 41... Rxd5
(41... Rb8 $1) 42. exd5 exd5 43. Kg3 Kg7 44. h5 Qxb2 (44... Qg1+) (44... Qf6 $4
45. h6+ {1-0}) 45. h6+ Kh7 46. Qxd5 Kxh6 $6 (46... Qb8+) 47. Qxc4 Qe5+ 48. Kg2
Qe6 49. Qd3 {et la, mon adversaire me propose nulle !} 1/2-1/2

[Event "Hyères"]
[Site "?"]
[Date "2013.02.18"]
[Round "5"]
[White "Ramazzotti, B.."]
[Black "Boelen, A.."]
[Result "1-0"]
[WhiteElo "1835"]
[BlackElo "1886"]
[PlyCount "33"]

1. d4 d5 2. c4 e5 3. e3 Nc6 4. c5 Bf5 5. Bb5 Qd7 6. Nf3 f6 7. Nc3 e4 8. Nd2 Kf7
$2 (8... Nge7) 9. Nxd5 $18 Be6 (9... Qxd5 $4 10. Bc4 {1-0}) 10. Nf4 Nge7 11.
Nxe4 Nd5 12. Nxe6 Qxe6 13. Qf3 $1 Kg8 14. Bc4 Nxd4 $2 {
complications perdantes !} 15. exd4 f5 (15... Re8 16. O-O Qxe4 17. Qxe4 {et si}
17... Rxe4 $4 18. Bxd5+ {1-0}) 16. Bxd5 Qxd5 17. Nf6+ 1-0

[Event "Hyères"]
[Site "?"]
[Date "2013.02.18"]
[Round "6"]
[White "Schrader, E.."]
[Black "Chung, M.."]
[Result "0-1"]
[WhiteElo "1734"]
[BlackElo "1807"]
[PlyCount "142"]

1. e4 c5 2. c3 e6 3. d4 d5 4. exd5 exd5 5. Nf3 Nc6 6. Bb5 Nf6 7. Bg5 Be7 8. O-O
Qb6 (8... cxd4 9. Nxd4 Bd7 10. Nd2 Nxd4 11. Bxd7+ Nxd7 12. Bxe7 Qxe7 13. cxd4
O-O) 9. Qe2 Be6 10. dxc5 Bxc5 11. Nbd2 O-O 12. Bxf6 gxf6 13. Bd3 Kh8 14. Nh4
Ne5 15. Nb3 Rg8 16. Bc2 Bg4 17. Qd2 Be7 18. Rae1 Rg7 19. Nd4 Rag8 20. Ndf5 Bxf5
21. Bxf5 Rxg2+ 22. Kh1 (22. Nxg2 $2 Nf3+ {0-1}) 22... R2g7 23. Rg1 Bc5 24. Rxg7
Rxg7 25. f4 Ng6 (25... Bf2 $1) 26. Re8+ Rg8 27. Rxg8+ Kxg8 28. Bxg6 hxg6 29.
Qxd5 Qd6 30. Qxd6 Bxd6 31. Ng2 f5 32. Kg1 f6 33. h3 Kf7 34. Kf2 Ke6 35. Ke2 g5
36. Kf3 Kf7 37. Ne3 Bxf4 38. Nxf5 Ke6 39. Nd4+ Ke5 40. Ne2 Bd2 41. c4 f5 42. b3
a6 43. Ng3 Be1 44. Ne2 Kf6 45. a3 a5 46. Nc1 Bc3 47. Nd3 b6 48. b4 Ke6 49. bxa5
Bxa5 50. a4 Kd6 51. Ke3 Bc3 52. Kf3 Be5 53. Ke3 Bc3 54. Kf3 Bd4 55. Ke2 Ke6 56.
Kf3 Kf6 57. Kg3 Kg6 58. Kg2 Kh5 59. Nb4 g4 60. hxg4+ fxg4 61. Nd3 Kh4 $11 62.
Nf4 g3 63. Nd3 Kg4 64. Ne1 Kf4 65. Nf3 Bf2 66. Nd2 Be1 67. Nb3 Bb4 68. Nd4 Ke4
69. Ne2 Be1 70. Kf1 Bf2 71. Nc1 $4 (71. Kg2 Kd3 72. Nf4+ Kxc4 73. Kf3) 71...
Kf3 0-1

[Event "Hyères"]
[Site "?"]
[Date "2013.02.18"]
[Round "6"]
[White "Benda, T.."]
[Black "Ramazzotti, B.."]
[Result "1/2-1/2"]
[WhiteElo "1676"]
[BlackElo "1835"]
[PlyCount "57"]

1. e4 c5 2. d4 cxd4 3. c3 dxc3 4. Nxc3 Nc6 5. Bc4 e6 6. Nf3 a6 7. O-O b5 8. Bb3
d6 9. Qe2 Nf6 10. Rd1 Qc7 11. Bg5 (11. Bf4) 11... Be7 12. Rac1 Bd7 13. e5 $5 (
13. Nd5 $1 {classique !} 13... exd5 14. exd5 O-O 15. dxc6 Bg4 16. Re1 $16)
13... dxe5 14. Bxf6 gxf6 15. Ne4 Rc8 (15... Rg8) 16. Qd2 Qa7 $6 (16... h6) 17.
Qh6 Nd4 $2 (17... Rg8 18. Qxh7 Kf8 19. Qh6+ Rg7 20. Nxf6 Bxf6 21. Qxf6 {
mais la position noire est compromise aussi !}) 18. Rxc8+ Bxc8 19. Nxd4 $5 (19.
Nxf6+ $1 Bxf6 20. Qxf6 Rf8 21. Nxe5 {
permettait d'exploiter la faiblesse de la huitieme...} 21... Qb6 22. Bd5 $1 Qd8
23. Qxd8+ Kxd8 24. Be4 {1-0}) 19... exd4 20. Nxf6+ Bxf6 21. Qxf6 Rg8 22. Qxd4
$6 {
apres l'echange des Dames, les Blancs renoncent definitivement a leur avantage.
} 22... Qxd4 23. Rxd4 Bb7 24. g3 Ke7 25. Kf1 Rd8 26. Rxd8 Kxd8 27. Ke2 Kd7 28.
Ke3 Kd6 29. a3 1/2-1/2

[Event "Hyères"]
[Site "?"]
[Date "2013.02.18"]
[Round "6"]
[White "Scheidegger, C.."]
[Black "Penloup, D.."]
[Result "0-1"]
[WhiteElo "1725"]
[BlackElo "1845"]
[PlyCount "58"]

1. e4 c5 2. Nf3 e6 3. d4 cxd4 4. Nxd4 Nf6 5. Nc3 Nc6 6. Be3 Bb4 7. Bd3 d5 8.
Nxc6 bxc6 9. exd5 (9. e5 d4 10. exf6 dxc3 11. b3 Qxf6 12. O-O) 9... cxd5 10. a3
Bxc3+ 11. bxc3 Qc7 12. Bb5+ Bd7 13. Bxd7+ Nxd7 14. O-O O-O 15. Qd2 Rfc8 16. Bd4
e5 17. Be3 Nf6 18. f4 Qxc3 19. fxe5 Qxd2 20. Bxd2 Ne4 21. Be3 Rxc2 22. Rad1 Rc3
23. Bd4 Rb3 24. Rc1 Rd3 25. Bxa7 Nc3 $1 26. Rfe1 Rxa7 27. e6 fxe6 28. Rxe6 Rd1+
29. Rxd1 Nxd1 0-1

[Event "Hyères"]
[Site "?"]
[Date "2013.02.18"]
[Round "5"]
[White "Penloup, D.."]
[Black "Schrader, E.."]
[Result "1/2-1/2"]
[WhiteElo "1845"]
[BlackElo "1734"]
[PlyCount "48"]

1. e4 e5 2. Bc4 Nf6 3. Nc3 Nc6 4. d3 Bc5 5. Bg5 h6 6. Bh4 d6 7. Na4 Bb6 8. Nxb6
axb6 9. c3 (9. f3 Na5 10. Ne2 Nxc4 11. dxc4 Be6 12. b3 g5 13. Bf2) 9... Be6 10.
Bxe6 fxe6 11. f3 d5 12. Ne2 d4 13. c4 Qe7 14. O-O Qf7 15. Be1 g5 16. Bd2 Ne7
17. Qb3 Ng6 18. Qb5+ Qd7 19. Qxd7+ Kxd7 20. a3 Ke7 21. a4 Nd7 22. a5 bxa5 23.
Bxa5 b6 24. Bd2 Kf7 1/2-1/2

[Event "Hyères"]
[Site "?"]
[Date "2013.02.18"]
[Round "5"]
[White "Degré, M.."]
[Black "Scheidegger, C.."]
[Result "0-1"]
[WhiteElo "1280"]
[BlackElo "1725"]
[PlyCount "74"]

1. e4 e6 2. d4 c5 3. Nf3 cxd4 4. Nxd4 Nc6 5. Nxc6 bxc6 6. Bc4 $6 (6. Bd3) 6...
d5 7. exd5 cxd5 8. Bd3 Bc5 9. Bf4 Nf6 10. O-O O-O 11. c4 Bb7 12. Nc3 dxc4 13.
Bxc4 Qb6 14. Na4 $2 {aie ! Mathieu tombe dans le piege !} 14... Qc6 15. Qf3
Qxa4 16. Bb3 Qe4 17. Rac1 Qxf3 18. gxf3 Bb6 19. Be5 Nd5 20. f4 Rac8 21. Rfd1
Rxc1 22. Rxc1 f6 23. Bd6 Rc8 24. Rxc8+ Bxc8 25. f5 Kf7 26. Kg2 Bb7 27. fxe6+
Kxe6 28. Ba3 g5 29. Kg3 h5 30. h4 Bc7+ 31. Kh3 Kf5 32. Bc2+ Kf4 33. b3 g4+ 34.
Kh2 Kf3+ 35. Kg1 Nf4 36. Bc5 Ke2 $1 37. Bxa7 $4 Nh3# 0-1

[Event "Hyeres"]
[Site "?"]
[Date "2013.02.17"]
[Round "4"]
[White "Ramazzotti, Bernard"]
[Black "Touvron, Fabrice"]
[Result "1/2-1/2"]
[WhiteElo "1835"]
[BlackElo "1927"]
[PlyCount "54"]

1. d4 Nf6 2. c4 c5 3. d5 b5 4. cxb5 a6 5. bxa6 Bxa6 6. Nc3 g6 7. e4 Bxf1 8.
Kxf1 d6 9. Nge2 Bg7 10. g3 O-O 11. Kg2 Nbd7 12. Qc2 Qa5 13. Bd2 (13. Rb1 Rfc8
14. b3 Rab8 15. Bd2 Qa6 16. f3 Rb4 17. Rhd1 c4 18. Be1 Ne5 19. Nd4 Kf8 20. Qe2
Nfd7) 13... Qa6 14. a4 Rfb8 {
coup automatique ! Mais ce n'est pas forcement le meilleur !} (14... Rfc8 15.
Nb5 c4 16. Ned4 Ne5 17. Rhe1) 15. Rhb1 (15. Nb5 Rb7 16. Bc3) 15... Ne8 (15...
Rb4 $1 16. f3 Ne8 17. Bg5) 16. f4 Nb6 (16... Nc7 17. Ng1 Rb7 18. Nf3 Rab8) 17.
b3 e6 $2 18. dxe6 fxe6 19. f5 $1 exf5 20. exf5 Qb7+ 21. Kg1 Nd7 $1 22. fxg6
hxg6 23. Qxg6 Ne5 24. Qe6+ Kh8 25. Qh3+ ({Les Blancs n'osent pas} 25. Rf1 Nc7 (
25... Nf3+ $2 26. Rxf3 Qxf3 27. Qh3+ Kg8 28. Rf1 Qd3 29. Qe6+ Kh8 30. Nd5 (30.
Rf4 $6 Nf6) 30... Nc7 31. Nxc7 Qxd2 32. Rf4 {1-0}) 26. Qh3+ Kg8 27. Bh6 Rf8 28.
Bxg7 Kxg7 29. Qg2 $18) 25... Kg8 26. Qe6+ Kh8 27. Qh3+ Kg8 1/2-1/2

[Event "Hyeres"]
[Site "?"]
[Date "2013.02.17"]
[Round "3"]
[White "Touvron, Fabrice"]
[Black "Boelen, Alexander"]
[Result "0-1"]
[WhiteElo "1927"]
[BlackElo "1886"]
[PlyCount "50"]

1. c4 f5 2. Nc3 Nf6 3. g3 c6 4. Bg2 d5 5. d4 e6 6. Nh3 Bd6 7. Bf4 O-O (7... Be7
8. O-O O-O 9. Qc2 dxc4 10. Rad1) 8. cxd5 exd5 9. O-O Na6 10. Rc1 Nc7 11. Bxd6
Qxd6 12. Nf4 Ng4 $6 (12... Ne6) 13. h3 Nh6 14. e3 Ne8 15. Nd3 Nf6 16. Ne5 $6 {
il ne faut pas occuper la case, il faut la controler !} (16. Ne2 Nf7 17. Qc2) (
{Ou mieux encore} 16. b4 {Houdini 15a_x64} 16... a6 17. a4 Nf7 18. b5 ({ou} 18.
a5 {suivi de Ca4...}) 18... axb5 19. axb5 Ne4 20. Qc2) 16... Ne4 17. Qc2 Nf7
18. Nxf7 Rxf7 19. Ne2 g5 20. f4 $2 (20. Kh2) 20... Bd7 (20... Rg7) 21. Bxe4
fxe4 22. Kg2 $2 (22. fxg5 {et si} 22... Bxh3 (22... Rxf1+ 23. Rxf1 Bxh3 24. Rf6
Qd7 25. Nf4 Qg4 26. Nxh3 Qxh3 27. Qf2 Qg4 28. Qf4 Qd1+ 29. Kg2 Qe2+ 30. Kh3 $11
) 23. Rxf7 Kxf7 24. Nf4 Bg4 25. Qh2) 22... Raf8 23. Qc5 $2 {ridicule !} 23...
Qh6 24. Rh1 {renonce au controle de f3. Je ne vois plus rien !} 24... Qh5 25.
g4 (25. Ng1 gxf4 26. exf4 Rg7 $19) 25... Bxg4 {
C'est desesperant de jouer comme ca !} 0-1

[Event "Hyères"]
[Site "?"]
[Date "2013.02.17"]
[Round "3"]
[White "Scheidegger, C.."]
[Black "Benda, T.."]
[Result "0-1"]
[WhiteElo "1725"]
[BlackElo "1676"]
[PlyCount "98"]

1. e4 d5 2. exd5 Nf6 3. Nc3 Nxd5 4. Nf3 Bg4 5. Be2 e6 6. d4 a6 (6... Be7 7. O-O
O-O 8. Ne4 Nf6 9. Ng3 Nc6 10. c3) 7. h3 Bh5 8. O-O Nc6 9. Nxd5 exd5 10. Bf4 Be7
11. Qd2 O-O 12. Rfe1 f6 (12... Re8) 13. c3 Bf7 14. Bd3 Re8 15. Qc2 g6 16. a4
Rc8 17. Bh6 Bf8 18. Bxf8 Rxe1+ 19. Rxe1 Qxf8 20. b4 Nd8 21. Qd2 Ne6 22. h4 Qd6
23. g3 Ng7 24. Kg2 Be6 25. Nh2 Qd7 26. Qe2 Re8 27. Qd2 Bh3+ 28. Kg1 Rxe1+ (
28... Qxa4 {ce Pion n'est pas a negliger !}) 29. Qxe1 Bf5 30. Bxf5 Nxf5 31. a5
Nd6 32. Kg2 Kf7 33. f3 Qc6 34. Ng4 Nb5 35. Kh3 $2 Qe6 36. Qxe6+ {
oblige, sinon les Noirs poussent h5 0-1 !} 36... Kxe6 37. Ne3 Nxc3 38. g4 Na2
39. Nc2 Nc1 (39... Kd6) 40. Kg3 b6 41. Kf4 bxa5 42. bxa5 Nb3 43. Ke3 Nxa5 44.
Nb4 Nc4+ 45. Kf4 a5 46. Nd3 Kd6 47. Nc5 c6 48. h5 g5+ 49. Kf5 $4 {catastrophe !
} (49. Kg3 {seul coup !} 49... Kc7 (49... Nb2 $2 50. Nb7+) 50. Ne6+ {et si}
50... Kb6 51. Nf8 a4 $1 52. Nxh7 a3 53. Nxf6 a2 54. h6 a1=Q 55. h7 $2 Qg1+ 56.
Kh3 Ne3 {0-1}) 49... Ke7 {et Ce3 mat ! Les Noirs sont ficeles !} 0-1

[Event "Hyères"]
[Site "?"]
[Date "2013.02.17"]
[Round "4"]
[White "Boelen, A.."]
[Black "Hadzikaric, M.."]
[Result "1-0"]
[WhiteElo "1886"]
[BlackElo "1762"]
[PlyCount "31"]

1. e4 e6 2. Nf3 f6 $6 3. d4 Bb4+ 4. c3 Ba5 5. Bd3 Ne7 6. O-O Kf7 7. Be3 Bb6 8.
Nbd2 a5 9. Nc4 c6 10. Nd6+ Kf8 11. Ng5 $1 Qc7 12. e5 (12. Qh5 $1 Ng6 (12... g6
$4 13. Qh6+ Kg8 14. Ne8 $1 {1-0}) 13. Nxh7+ Rxh7 14. Qxh7 Qxd6 15. e5 {1-0})
12... Nf5 13. Bxf5 g6 14. Ngf7 exf5 15. Bh6+ Kg8 16. exf6 {
le mat est imparable !} 1-0

[Event "Hyères"]
[Site "?"]
[Date "2013.02.17"]
[Round "3"]
[White "Chung, M.."]
[Black "Ramazzotti, B.."]
[Result "1/2-1/2"]
[WhiteElo "1807"]
[BlackElo "1835"]
[PlyCount "118"]

1. d4 Nf6 2. c4 e6 3. Nc3 d5 4. Nf3 c6 5. e3 Bd6 6. Bd3 O-O 7. O-O Nbd7 8. e4
dxe4 9. Nxe4 Nxe4 10. Bxe4 Nf6 11. Bc2 h6 12. Be3 (12. b3 {est le plus courant.
}) 12... Re8 13. Ne5 c5 14. f4 cxd4 15. Bxd4 Qc7 16. Qf3 Bd7 17. Rad1 Red8 18.
Nxd7 Rxd7 19. Bxf6 gxf6 20. b3 (20. Qg3+ Kh8 21. Qh4 $16) 20... Rad8 21. g3
Bc5+ 22. Kh1 Rxd1 23. Rxd1 Rxd1+ 24. Bxd1 Qa5 25. Qe2 Qc3 $11 26. Kg2 Qd4 27.
Bc2 f5 28. Qd1 Qxd1 (28... Qf2+ 29. Kh3 Be7) 29. Bxd1 Kg7 30. Kf3 f6 31. Bc2 a5
32. h3 b6 33. Ke2 Kf7 34. Kd3 Bf2 35. g4 fxg4 36. hxg4 e5 37. Ke4 exf4 38. Kxf4
Ke6 39. Bg6 Bc5 40. Ke4 Bf2 41. Bh7 Bh4 42. a3 Bg5 43. b4 axb4 44. axb4 Kd6 45.
Kd4 Bh4 46. c5+ bxc5+ 47. bxc5+ Kc7 48. Kd5 Bf2 49. Bf5 Be3 50. c6 Bf4 51. Bd7
Be5 52. Ke6 Bc3 53. Kf7 Bd4 54. Kg6 Be5 55. Kxh6 Bd4 56. Kg6 Kd8 57. Kf5 Kc7
58. Ke6 Bc3 59. Kd5 Be1 1/2-1/2

[Event "Hyères"]
[Site "?"]
[Date "2013.02.17"]
[Round "3"]
[White "Benda, T.."]
[Black "Chung, M.."]
[Result "0-1"]
[WhiteElo "1667"]
[BlackElo "1807"]
[PlyCount "67"]

1. g3 g6 2. Bg2 Bg7 3. c4 c5 4. Nf3 Nc6 5. d3 e6 6. O-O Nge7 7. Nbd2 O-O 8. Ne4
b6 9. Nd6 Qc7 10. Nxc8 Raxc8 11. Rb1 d5 12. cxd5 exd5 13. Bf4 Qd7 14. Ng5 Rcd8
15. Bh3 Qb7 16. Qc1 Nd4 17. Re1 h6 18. Nf3 Nxf3+ 19. exf3 Kh7 20. g4 $6 (20. b4
) 20... Nc6 21. a3 Nd4 22. Bg2 Rfe8 23. Qd1 c4 24. Bg3 Qc8 (24... b5) 25. Rxe8
Rxe8 26. dxc4 dxc4 27. Qa4 $2 (27. Kh1 {
pour eviter definitivement les fourchettes !}) 27... c3 $1 28. bxc3 Ne2+ 29.
Kh1 Nxc3 30. Qb3 Nxb1 31. Qxb1 Qc3 32. Qb5 Re1+ 33. Bf1 Qxf3+ 34. Kg1 0-1

[Event "Hyères"]
[Site "?"]
[Date "2013.02.17"]
[Round "4"]
[White "Féraud, G.."]
[Black "Penloup, D.."]
[Result "0-1"]
[WhiteElo "1658"]
[BlackElo "1845"]
[PlyCount "82"]

1. d4 f5 2. Nf3 e6 3. g3 Nf6 4. Bg2 Be7 5. c4 O-O 6. O-O d6 7. Nc3 Ne4 8. Qc2
Nxc3 9. Qxc3 a5 10. a3 Bf6 11. Rd1 c5 12. Qc2 Qe7 13. e4 Nc6 14. Be3 cxd4 15.
Nxd4 Nxd4 16. Bxd4 e5 17. Be3 f4 18. gxf4 exf4 19. Bxf4 Be5 20. Bxe5 dxe5 21.
Qc3 Qf6 22. f3 (22. Qg3) 22... Qg5 23. Kh1 Be6 24. Rd6 Rf6 25. c5 Rg6 26. Qd2
Qh4 27. Rd1 Rf8 28. Rd8 $18 Rgf6 29. Rxf8+ Rxf8 30. Qd6 Bb3 31. Rf1 Qg5 32. Bh3
Qf4 33. Be6+ Bxe6 34. Qxe6+ Kh8 35. b4 axb4 36. axb4 g5 37. Kg2 $2 (37. h3)
37... g4 38. Qb3 (38. Qxg4 $4 Rg8 {0-1}) 38... Rg8 39. fxg4 $4 (39. Qd3) 39...
Rxg4+ 40. Kh3 Rh4+ 41. Kg2 Qxh2+ 0-1

[Event "Hyères"]
[Site "?"]
[Date "2013.02.17"]
[Round "3"]
[White "Penloup, D.."]
[Black "Hadzikaric, M.."]
[Result "0-1"]
[WhiteElo "1845"]
[BlackElo "1762"]
[PlyCount "58"]

1. e4 e6 2. d3 f6 $6 3. Nf3 Nc6 4. Be2 Bb4+ 5. c3 Ba5 6. O-O h5 7. Nh4 Nge7 8.
Bxh5+ $18 Kf8 9. g3 (9. d4) 9... d5 10. exd5 exd5 11. d4 Be6 12. b4 Bb6 13. b5
Na5 14. Ng6+ Nxg6 15. Bxg6 Bf7 16. Ba3+ Kg8 17. Bxf7+ Kxf7 18. Re1 Nc4 19. Qg4
(19. Re7+ Kg8 20. Qg4 Rh7 21. Qe6+ Kh8 22. Bb4 $18) 19... Nxa3 20. Qe6+ Kf8 21.
Nxa3 Rh5 22. h4 Qc8 23. Nc2 Qxe6 24. Rxe6 a6 25. Nb4 axb5 26. Nxd5 $4 Rxd5 27.
g4 b4 28. cxb4 Rxd4 29. g5 Rxh4 {
et les Noirs l'emporterent quelques coups plus tard.} 0-1

[Event "Hyeres"]
[Site "?"]
[Date "2013.02.16"]
[Round "2"]
[White "Benda, Thierry"]
[Black "Touvron, Fabrice"]
[Result "0-1"]
[WhiteElo "1676"]
[BlackElo "1927"]
[PlyCount "82"]

1. e4 e5 2. Nc3 Nf6 3. Bc4 Nc6 4. d3 Bb4 5. Bd2 a6 (5... Bxc3 6. Bxc3 d5 7. Bb5
dxe4 8. Bxc6+ bxc6 9. Bxe5 Qe7 10. d4 Qb4+ 11. c3 Qxb2 12. Qc1 Qxc1+ 13. Rxc1
Nd5 14. Ne2 f5 15. Bf4) ({Ou} 5... d6 6. Nf3) 6. Nge2 d6 7. O-O Na5 8. Bb3 Nxb3
9. axb3 c6 10. f4 $6 Bc5+ 11. Kh1 Ng4 12. Qe1 Ba7 (12... Qf6 {Houdini 15a_x64})
13. Nd1 h5 14. h3 Qe7 15. g3 $6 (15. fxe5 dxe5 16. Ng1 Be6) 15... h4 $1 16. f5
(16. hxg4 $4 {mat en 6 !} 16... hxg3+ 17. Kg2 Rh2+ 18. Kf3 (18. Kxg3 Qh4+ 19.
Kf3 Bxg4#) 18... Bxg4+ 19. Kxg4 Qh4+ 20. Kf3 (20. Kf5 g6#) 20... Qh5+ 21. Kxg3
Qh3#) 16... hxg3 (16... Bd7 17. hxg4 $6 hxg3+ 18. Kg2 Rh2+ 19. Kf3 (19. Kxg3 $4
Qh4+ 20. Kf3 Qh3+ 21. Qg3 Qxf1+ 22. Nf2 Rxf2+ 23. Qxf2 Qxf2#) 19... g2 $19) 17.
Qxg3 Qh4 (17... Nf6 {et si} 18. Bg5 g6 19. Nf2 Nh5) 18. Qxh4 Rxh4 19. Kg2 Nf6
20. Ng3 (20. Bg5 Rh5 21. Bxf6 gxf6 22. Rf3) 20... Bd7 (20... Nd7 $5) 21. Ne3
Bxe3 $6 (21... d5 $1 22. Ng4 Nxg4 23. hxg4 Rxg4 24. Rh1 O-O-O 25. Kf3 Rxg3+ 26.
Kxg3 dxe4 27. dxe4 Bxf5 28. exf5 Rxd2 {ne me plaisait pas !}) 22. Bxe3 O-O-O (
22... Ke7) 23. Bg5 Rh7 24. Rh1 Rdh8 25. Bxf6 gxf6 26. Rag1 (26. Nf1 {
Houdini 15a_x64}) 26... Rh4 $1 27. Nf1 d5 28. Nd2 dxe4 29. dxe4 (29. Nxe4 Kd8 (
29... Bxf5 $4 30. Nd6+ {1-0}) 30. Rf1) 29... c5 30. Re1 Bc6 31. Re3 Rd8 32. Kg3
$6 (32. Re2) 32... Rf4 33. Re2 (33. Rd3 $4 Rg8+ 34. Kh2 Rf2#) (33. Rh2 $4 Rg8#)
33... Rg8+ (33... Rxf5 $19 34. exf5 Bxh1 35. Rh2 Bc6 36. Nc4) 34. Kh2 Kc7 35.
Rg1 Rg5 36. Rg3 b5 37. Rxg5 $6 (37. Rd3 b4) (37. Rc3 b4 38. Rg3 (38. Rxc5 Kb6
39. Rc4 a5 40. Rg2 Bb7 (40... Bb5 41. Rc8))) 37... fxg5 38. Kg3 f6 39. Rf2 $2 {
les Blancs finissent par craquer !} (39. c3 a5) 39... Bxe4 40. Nxe4 (40. Rxf4
$2 exf4+ 41. Kf2 Bxc2 {0-1}) 40... Rxe4 41. Rd2 Rd4 0-1

[Event "Hyeres"]
[Site "?"]
[Date "2013.02.16"]
[Round "1"]
[White "Touvron, Fabrice"]
[Black "Schrader, Edmond"]
[Result "1-0"]
[WhiteElo "1927"]
[BlackElo "1734"]
[PlyCount "69"]

{Une partie horrible, a oublier !} 1. c4 Nf6 2. Nc3 g6 3. g3 Bg7 4. Bg2 c6 5.
e4 d6 6. Nge2 O-O 7. d3 Nbd7 8. O-O Nb6 $6 (8... e5 9. h3 Nc5 10. Be3) 9. h3 d5
$6 {trop tot !} 10. cxd5 cxd5 11. e5 Ne8 12. d4 (12. f4 $1 {
les Blancs ne doivent pas ceder la case c4 !}) 12... Be6 $5 13. a4 Rc8 14. a5
Nc4 15. Qa4 $16 b6 16. a6 (16. axb6 Nxb6 17. Qb3) 16... Nc7 17. b4 $2 {
ca commence !} 17... b5 18. Qb3 (18. Qc2) (18. Qd1) 18... Qd7 19. Nf4 f6 $1 20.
Nxe6 Qxe6 21. Rd1 $2 (21. exf6 Bxf6 22. Bf4 Bxd4 23. Bxc7 Bxc3 24. Qxc3 Rxc7
25. Qd4) 21... fxe5 22. dxe5 Qb6 $6 (22... Qxe5 $19) 23. Ra2 $6 (23. Nxd5 {
sans avoir peur de} 23... Qxf2+ 24. Kh1 Nxd5 25. Bxd5+ Kh8 26. Bf4 {
et rien n'est dit !}) 23... e6 $19 {maintenant, c'est clair avantage noir !}
24. Bg5 Bxe5 (24... Rf7 {pas besoin de se presser...}) 25. Be7 Bd6 (25... Bd4
26. Bxf8 Rxf8 27. Rf1 Rf5 $19) 26. Bxd6 ({
Il fallait prendre la qualite... Decidemment, les rondes du matin !} 26. Bxf8
Rxf8 27. Re2) 26... Nxd6 (26... Qxd6 27. Ne4) 27. Rdd2 Nf5 $6 {
pas vraiment la place du Cavalier !} (27... Nc4) 28. Kh2 Kg7 $6 29. Qd1 Ne8 30.
Qa1 {genre !} (30. Qe1) 30... Nf6 31. g4 Qd6+ $2 (31... Qc7+ {
et je crois que c'etait assez pour moi !}) 32. Kh1 Qe5 $2 {
C'est pas vrai, je reprends l'avantage !} (32... Qxb4 33. Ne2 Nh4 34. g5 Nxg2
35. gxf6+ Rxf6 36. Kxg2 Qe4+) 33. Nxb5 Qxa1+ 34. Rxa1 Nd6 $4 {c'est terrible !}
35. Nxd6 1-0

[Event "Hyères"]
[Site "?"]
[Date "2013.02.16"]
[Round "3"]
[White "Hadzikaric, M.."]
[Black "Benda, T.."]
[Result "0-1"]
[WhiteElo "1762"]
[BlackElo "1676"]
[PlyCount "98"]

{Attention, partie de Mirsad !} 1. g4 c6 2. c4 d5 3. cxd5 cxd5 4. Bg2 Nc6 5.
Nc3 e6 ({J'aime bien} 5... d4) 6. h4 Bd6 7. Nf3 Nge7 8. d4 Bd7 9. Bg5 f6 10.
Bd2 a6 (10... e5) 11. e4 Qc7 12. g5 O-O-O 13. Rc1 Kb8 14. h5 dxe4 15. Nxe4 Nd5
16. h6 Bf8 (16... Rhg8) 17. hxg7 Bxg7 18. gxf6 Nxf6 19. Nc5 Nd5 20. Qb3 Ka7 21.
Rh4 Bc8 22. Bh3 Qb6 (22... Qf7) 23. Kf1 Qxb3 24. Nxb3 Bf6 25. Bg5 Rdf8 26. Ke2
$2 {les Blancs offrent le motif tactique de la fourchette en f4 !} 26... Bxg5
27. Nxg5 h6 28. Ne4 $2 (28. Nxe6 Re8 29. Re4) 28... Rf4 $1 $19 {
et les Noirs l'exploitent !} 29. Rxf4 Nxf4+ 30. Ke3 Nxh3 31. Rh1 {
ca ne fonctionne pas !} 31... e5 32. d5 Nb4 33. Nc3 Nf4 34. Nc5 Nbxd5+ 35. Nxd5
Nxd5+ 36. Ke4 Nf6+ 37. Ke3 b6 38. Nd3 Ng4+ 39. Ke2 Bf5 40. Nb4 Kb7 41. f3 Nf6
42. a3 h5 43. Rh4 a5 44. Na2 Nd5 45. Kf2 Nf4 46. b4 Rc8 47. Kg3 Rc2 (47... Rg8+
48. Kh2 Rg2+) 48. Rh2 $2 (48. Rxf4) 48... h4+ $1 49. Rxh4 Rg2# 0-1